El idioma materno /
Guardado en:
| Autor Principal: | |
|---|---|
| Formato: | Libro |
| Idioma: | Undetermined |
| Publicado: |
Buenos Aires :
Gog y Magog Ediciones,
2021.
|
| Edición: | 2a ed. |
| Series: | Narrativa
Otras Prosas |
| Materias: | |
| Etiquetas: |
Agregar Etiqueta
Sin Etiquetas, Sea el primero en etiquetar este registro!
|
| LEADER | 02659nam a22002895a 4500 | ||
|---|---|---|---|
| 001 | CEM.cems019017 | ||
| 008 | 211104s2021####ag############000#0#und#d | ||
| 005 | 20221004164348.0 | ||
| 245 | 1 | 0 | |a El idioma materno / |c Fabio Morabito. |
| 250 | |a 2a ed. | ||
| 260 | |a Buenos Aires : |b Gog y Magog Ediciones, |c 2021. | ||
| 300 | |a 184 p. | ||
| 490 | 1 | |a Narrativa | |
| 490 | 1 | |a Otras Prosas | |
| 500 | |a Edición para Ministerio de Educación de la Nación Argentina. | ||
| 505 | 0 | |a Scrittore traditore -- Robar -- Ladrón y centinela -- La vanidad de subrayar -- Los demasiados libros -- El caballo de Troya -- Los nombres de los muertos -- Coctel de bienvenida -- El último hablante -- Lentitud -- Cuadernos usados -- Escribir sin levantar la cabeza -- Pisotear libros -- Gregorio Samsa -- Ana Karenina -- El velador de Vallejo -- Extinción de los jardines -- Bajar el volumen -- El alma y los gestos -- Desconfianza en el oído -- Verso y prosa -- La capa exterior -- El idioma solitario -- El Gran Poliglota -- Un diccionario estúpido -- La poesía y la cara -- El justificante perfecto -- El mudo taciturno -- Por qué traducimos -- La soledad lingüística -- Drácula y el idioma -- Qué es el diablo -- Al dictado -- Subrayar libros -- Paris -- Pulgarcito -- En defensa del hijo del medio -- Surcos -- Final abierto -- Samsonite -- Nadie lee nada -- La hoguera -- El subrayador -- Frases cortas -- La hora de la digestión -- Lluvia nocturna -- Quién persigue a quién -- Los poetas no escriben libros -- Trascender la cara -- Las cartas comerciales -- Kafka y los nombres -- Don Juan y la Ciudad -- Dostoievski -- Kafka y los celos -- La carrera de relevos -- El dios Pan -- Taparse los oídos -- Las sirenas -- Falta de aviones -- Hacer maletas -- Quedarse dormida -- Un acuerdo -- Doble vidrio -- El lector vampiro -- Carril de acotamiento -- Sócrates -- Un desmayo -- Venas y arterias -- Para Elisa -- Calimero -- Extinción de los continentes -- El mar en todas partes -- El temblor de Troya -- La tarea -- Un sueño recurrente -- Buscar un libro -- Envejecer -- Fluidez -- Alambres retorcidos -- La herida y la cueva -- La humillación -- Pura sangre fría -- El libro en llamas -- El idioma materno | |
| 020 | |a 9789874794819 | ||
| 100 | 1 | |a Morabito, Fabio. | |
| 653 | |a Literatura | ||
| 653 | |a Literatura Italiana | ||
| 653 | |a Cuentos | ||
| 653 | |a Cuentos Italianos | ||
| 653 | |a Relatos | ||
| 653 | |a Colección Leer Abre Mundos | ||
| 859 | |a CEMS |b BIB. CEMS - Agricultura |h 858.9 |i M79 |p A3358.21 |t Ej.1 | ||
| 859 | |a CEMS |b BIB. CEMS - 11 de abril |h 858.9 |i M79 |p 29174.21 |t Ej. 1 | ||
| 859 | |a CEMS |b BIB. CEMS - 11 de abril |h 858.9 |i M79 |p 29158.21 |t Ej. 2 | ||
